| 000 | 01336nam0a22002891 4500 | ||
|---|---|---|---|
| 001 | rc\4803475 | ||
| 005 | 20260406111716.0 | ||
| 021 |
_aRU _b[57-52654] |
||
| 035 | _a(NLR Aleph) 008873778 | ||
| 090 |
_a8538413 _c8538413 |
||
| 100 | _a20130426d1957 |||y0rusy50 ca | ||
| 101 | 0 | _arus | |
| 102 | _aRU | ||
| 105 | _ay cd ||||| | ||
| 200 | 1 |
_aУказатель сокращенных и полных названий научной и технической литературы [в реферативных журналах Института научной информации Академии наук СССР _fОтв. ред. П.И. Никитин] _gАкад. наук СССР. Ин-т науч. информации |
|
| 210 |
_aМосква _cИзд-во Акад. наук СССР _d1957 |
||
| 215 |
_a237 с. _d27 |
||
| 606 |
_aПериодика _jСправочники _2psbo |
||
| 606 |
_aРеферативные журналы _2psbo |
||
| 606 |
_aБиблиографическое описание произведений печати _2psbo |
||
| 702 | 1 |
_aНикитин _bП.И. _4340 |
|
| 712 | 0 | 2 |
_aИнститут научной информации _cМосква _3RU\NLR\AUTH\887312 _9286700 |
| 801 | 0 |
_aRU _bNLR _gpsbo |
|
| 801 | 1 |
_aRU _bELAR _2rusmarc |
|
| 852 |
_aNLR _j190/У-42 |
||
| 942 | _cBOOK | ||
| 980 | _aNB | ||